LIBRARY & INFORMATION CENTRE, KCAET, TAVANUR

ONLINE PUBLIC ACCESS CATALOGUE (OPAC)

Text book of engineering physics: Heat, light, sound and thermodynamics / (Record no. 7150)

MARC details
000 -LEADER
fixed length control field 00586cam a2200217ua 4500
020 ## - INTERNATIONAL STANDARD BOOK NUMBER
ISBN 81-219-0143-X
041 ## - LANGUAGE CODE
Language code of text/sound track or separate title eng
082 ## - DEWEY DECIMAL CLASSIFICATION NUMBER
Classification number 530
Item number THE/TE
100 ## - MAIN ENTRY--AUTHOR NAME
Personal name Theraja, B L.
245 ## - TITLE STATEMENT
Title Text book of engineering physics: Heat, light, sound and thermodynamics /
250 ## - EDITION STATEMENT
Edition statement 14 /
260 ## - PUBLICATION, DISTRIBUTION, ETC. (IMPRINT)
Place of publication New Delhi :
Name of publisher S.Chand and Co ,
Year of publication 1990.
300 ## - PHYSICAL DESCRIPTION
Number of Pages 776 ; .
500 ## - GENERAL NOTE
General note 19025, 19026, 19027 - CSS
942 ## - ADDED ENTRY ELEMENTS (KOHA)
Koha item type Books
Holdings
Withdrawn status Lost status Damaged status Home library Current library Shelving location Date acquired Full call number Accession Number Koha item type
      KAUAET KAUAET Scheme 07/04/2012 530 THE/TE 19027 Book Bank scheme for SC students
      KAUAET KAUAET Scheme 07/04/2012 530 THE/TE 19025 Book Bank scheme for SC students
      KAUAET KAUAET Scheme 07/04/2012 530 THE/TE 19026 Book Bank scheme for SC students
free website counter